"Молодь за здоров'я": [Рівнен. делегація побувала в Канаді за програмою канад. т-ва міжнар. охорони здоров'я .Інтерв'ю з одним із чл. делегації - заст. голови облдержадміністрації Ю.Кічатим] (Запис № 301820)

МАРК-запис
000 -Лідер
fixed length control field 00890nam a22001817a 4500
003 - Ідентифікатор контрольного номера
control field UA-OsUOA
001 - Контрольний номер
control field 15655
007 - Фіксоване поле фізичного опису
fixed length control field ta
008 - Елементи даних фіксованої довжини – загальна інформація
fixed length control field 20031130b un ||||| |||| 00| 0 ukr d
040 ## - Джерело каталогізації
Агенція оригінальної каталогізації UA-OsUOA
Агенція, яка здійснювала перезапис UA-OsUOA
Агенція, яка здійснювала модифікацію UA-OsUOA
100 ## - Основне введення – ім’я особи
Ім’я особи (НП) Кічатий Ю.
245 ## - Відомості про назву
Назва (НП) "Молодь за здоров'я": [Рівнен. делегація побувала в Канаді за програмою канад. т-ва міжнар. охорони здоров'я .Інтерв'ю з одним із чл. делегації - заст. голови облдержадміністрації Ю.Кічатим]
Дані про відповідальність (НП) Ю. Кічатий; /Інтерв'ю записав А.Бабінець
300 ## - Фізичний опис
Обсяг С.1,3
650 #7 - Додаткове предметне введення – тематичний термін
Тематичний термін чи географічна назва, як елемент введення (НП) Краєзнавча робота
Джерело заголовка чи терміна UDC
773 0# - Введення хост-одиниці (П)
Контрольний номер запису (П) 0
Назва (НП) Вільне слово
Місце, видавець та дата видання (НП) Рівне
-- 2003
Інформація про взаємозв’язок (П) №93/21 лист./
942 ## - Додаткові елементи входу (Коха)
Тип елемента Koha Стаття періодики
955 ## - Код типу видання за змістом
Код типу видання за змістом (НП) інше

Немає доступних примірників.